000 00275nam a22001337a 4500
020 _a978-9352833962
041 _aENG
100 _aKhurmi
245 _aATextbook of Engineerng Mechanics
260 _aDelhi
_bS. Chand
_c1967
300 _a840
650 _aFS
856 _uFS
999 _c314
_d314